Central Library OPAC University of Rajshahi

Sir Philip Sidney and the English Renaissance / (Record no. 20822)

MARC details
000 -LEADER
fixed length control field 00733nam a22002411a 4500
001 - CONTROL NUMBER
control field 20822
003 - CONTROL NUMBER IDENTIFIER
rucl marc code BD-RjUL
005 - DATE AND TIME OF LATEST TRANSACTION
control field 20211209000621.0
008 - FIXED-LENGTH DATA ELEMENTS--GENERAL INFORMATION
fixed length control field 140302r1965 enkah 001 0 eng d
035 ## - SYSTEM CONTROL NUMBER
System control number (BD-RjUL)20884
System control number (BD-RjUL)
040 ## - CATALOGING SOURCE
Original cataloging agency NZOC
Language of cataloging eng
Transcribing agency NZOC
Modifying agency BD-RjUL
041 ## - LANGUAGE CODE
Language code of text/sound track or separate title eng
082 04 - DEWEY DECIMAL CLASSIFICATION NUMBER
Classification number 821.3
Author mark and year BUS 1965
100 1# - MAIN ENTRY--PERSONAL NAME
Personal name Buxton, John.
9 (RLIN) 56653
245 10 - TITLE STATEMENT
Title Sir Philip Sidney and the English Renaissance /
Statement of responsibility, etc. John Buxton.
260 ## - PUBLICATION, DISTRIBUTION, ETC. (IMPRINT)
Place of publication, distribution, etc. London :
Name of publisher, distributor, etc. Macmillan,
Date of publication, distribution, etc. 1954[Reprinted 1965].
300 ## - PHYSICAL DESCRIPTION
Pagination xi, 283 p. :
Illustrations ports., facsims. ;
Size 19 cm.
504 ## - BIBLIOGRAPHY, ETC. NOTE
Bibliography, etc Includes index and Bibliography.
600 10 - SUBJECT ADDED ENTRY--PERSONAL NAME
Personal name Sidney, Philip,
Titles and other words associated with a name Sir,
Dates associated with a name 1554-1586.
650 #0 - SUBJECT ADDED ENTRY--TOPICAL TERM
Topical term or geographic name as entry element Renaissance
Geographic subdivision England.
9 (RLIN) 64315
942 ## - ADDED ENTRY ELEMENTS (KOHA)
Source of classification or shelving scheme Dewey Decimal Classification
Koha item type Books
Holdings
Lost status Source of classification or shelving scheme Damaged status Not for loan Collection code Permanent Location Current Location Shelving location Date acquired Source of acquisition Cost, normal purchase price Total Checkouts Full call number Date last seen Copy number Koha item type
  Dewey Decimal Classification     Fiction Central Library, University of Rajshahi Central Library, University of Rajshahi   03/10/1973 Province Book Depot. 36.00   821.3 BUS 1965 02/03/2014 C-3 Books
  Dewey Decimal Classification   Not For Loan Non-fiction Central Library, University of Rajshahi Central Library, University of Rajshahi Reading Room 13/02/1963 Zeitlinger 21.00   821.3 BUS 1965 05/03/2020 C-1 Books
  Dewey Decimal Classification     Non-fiction Central Library, University of Rajshahi Central Library, University of Rajshahi   13/02/1963 Provencial book depot 33.00   821.3 BUS 1965 05/03/2020 C-2 Books